Veľkoúľanský obzor noviny obyvateľov Veľkých Úľan
| Previous Title: | Nový obzor |
|---|---|
| Format: | Journal |
| Language: | Slovak Hungarian |
| PhysicalDescription: | zv. 30 cm |
| Published: |
Veľké Úľany
Obecný úrad
1999-
3/2003- Veľké Úľany Obec |
| ISSN: | 1338-9319 |
| Subjects: | |
| Online Access: | http://www.ulany.sk/?page=obecne-noviny |
MARC
| LEADER | 00000cas a2200000 a 4500 | ||
|---|---|---|---|
| 001 | vtls008768432 | ||
| 003 | SK-MaSNL | ||
| 005 | 20260228160533.0 | ||
| 008 | 060531c19999999xo qr|p 0 b0slo | ||
| 022 | |a 1338-9319 | ||
| 040 | |a SNK |b slo |c SNK |e AACR2 | ||
| 041 | 0 | |a slo |a hun | |
| 043 | |a e-xo--- | ||
| 044 | |a xo |c SK | ||
| 072 | 7 | |a 394 |x Verejný a spoločenský život. Každodenný život |2 konspekt | |
| 072 | 7 | |a 352/354 |x Stupne miestnej, oblastnej a ústrednej správy |2 konspekt | |
| 072 | 7 | |a 316.7 |x Sociológia kultúry. Kultúrny život |2 konspekt | |
| 080 | |a (437.612) |2 2011 | ||
| 080 | |a 394 |2 2011 | ||
| 080 | |a 353.9 |2 2011 | ||
| 080 | |a 316.728 |2 2011 | ||
| 080 | |a 050 |2 2011 | ||
| 210 | 0 | |a Veľkoúľanský obz. | |
| 222 | 0 | |a Veľkoúľanský obzor | |
| 245 | 0 | 0 | |a Veľkoúľanský obzor |b noviny obyvateľov Veľkých Úľan |
| 246 | 1 | 1 | |a Nagyfödémesi Láthatár |b Nagyfödémes lakosainak lapja |
| 260 | |a Veľké Úľany |b Obecný úrad |c 1999- | ||
| 260 | 3 | |a 3/2003- |a Veľké Úľany |b Obec | |
| 300 | |a zv. |c 30 cm | ||
| 310 | |a 4x ročne | ||
| 362 | 0 | |a Roč. III, č. 1 (1999)- | |
| 500 | |a Evidenčné číslo MK SR: 3099/09 | ||
| 546 | |a Súbežný text maď. | ||
| 650 | 0 | 7 | |a každodenný život |2 SNKPH |9 4946 |
| 650 | 0 | 7 | |a územná samospráva |2 SNKPH |9 802 |
| 651 | 7 | |a Veľké Úľany (Slovensko) |2 SNKPH |9 31475 | |
| 655 | 7 | |a miestne periodiká |2 SNKPH |9 160938 | |
| 780 | 0 | 0 | |t Nový obzor |
| 856 | 4 | 0 | |u http://www.ulany.sk/?page=obecne-noviny |
| 910 | |a snk | ||
| 916 | |a 1999-2016 | ||
| 999 | |c 2902 |d 4832 | ||
| 952 | |0 0 |1 0 |4 0 |7 0 |8 0 |a SNK |b SNK |d 2021-08-23 |i snk2021/10709 |l 0 |o snkČSB 6491/21/2017 |p 17A1435770 |r 2026-02-21 19:59:42 |t č. 1-4 |w 2026-02-21 |y PREZ | ||
| 952 | |0 0 |1 0 |4 0 |7 0 |8 0 |a SNK |b SNK |d 2021-08-23 |i snk2021/10710 |l 0 |o snkČSB 6491/22/2018 |p 17A1435771 |r 2026-02-21 19:59:42 |t č. 1-4 |w 2026-02-21 |y PREZ | ||
| 952 | |0 0 |1 0 |4 0 |7 0 |8 0 |a SNK |b SNK |d 2021-08-23 |i snk2021/10716 |l 0 |o snkČSB 6491/23/2019 |p 17A1435772 |r 2026-02-21 19:59:42 |t č. 1-4 |w 2026-02-21 |y PREZ | ||
| 952 | |0 0 |1 0 |4 0 |7 0 |8 0 |a SNK |b SNK |d 2021-08-23 |i snk2021/10717 |l 0 |o snkČSB 6491/24/2020 |p 17A1435773 |r 2026-02-21 19:59:42 |t č. 1-4 |w 2026-02-21 |y PREZ | ||
| 952 | |0 0 |1 0 |4 0 |7 0 |8 0 |a SNK |b SNK |d 2017-08-21 |f 1 |i snk2017/18566 |l 0 |o snkČSB 6491/3/1999 |p 17A1263870 |r 2026-02-21 21:48:52 |t č. 1-4 |w 2026-02-21 |y PREZ | ||
| 952 | |0 0 |1 0 |4 0 |7 0 |8 0 |a SNK |b SNK |d 2017-08-21 |f 1 |i snk2017/18566 |l 0 |o snkČSB 6491/4/2000 |p 17A1263871 |r 2026-02-21 21:48:52 |t č. 1-4 |w 2026-02-21 |y PREZ | ||
| 952 | |0 0 |1 0 |4 0 |7 0 |8 0 |a SNK |b SNK |d 2017-08-21 |f 1 |i snk2017/18566 |l 0 |o snkČSB 6491/5/2001 |p 17A1263872 |r 2026-02-21 21:48:52 |t č. 1-4 |w 2026-02-21 |y PREZ | ||
| 952 | |0 0 |1 0 |4 0 |7 0 |8 0 |a SNK |b SNK |d 2017-08-21 |f 1 |i snk2017/18566 |l 0 |o snkČSB 6491/6/2002 |p 17A1263873 |r 2026-02-21 21:48:52 |t č. 1-4 |w 2026-02-21 |y PREZ | ||
| 952 | |0 0 |1 0 |4 0 |7 0 |8 0 |a SNK |b SNK |d 2017-08-21 |f 1 |i snk2017/18566 |l 0 |o snkČSB 6491/7/2003 |p 17A1263874 |r 2026-02-21 21:48:52 |t č. 1-4 |w 2026-02-21 |y PREZ | ||
| 952 | |0 0 |1 0 |4 0 |7 0 |8 0 |a SNK |b SNK |d 2017-08-21 |f 1 |i snk2017/18566 |l 0 |o snkČSB 6491/8/2004 |p 17A1263875 |r 2026-02-21 21:48:52 |t č. 1-4 |w 2026-02-21 |y PREZ | ||
| 952 | |0 0 |1 0 |4 0 |7 0 |8 0 |a SNK |b SNK |d 2017-08-21 |f 1 |i snk2017/18566 |l 0 |o snkČSB 6491/9/2005 |p 17A1263876 |r 2026-02-21 21:48:52 |t č. 1-4, neúplné |w 2026-02-21 |y PREZ |z Chýba č. 2 | ||
| 952 | |0 0 |1 0 |4 0 |7 0 |8 0 |a SNK |b SNK |d 2017-08-21 |f 1 |i snk2017/18585 |l 0 |o snkČSB 6491/10/2006 |p 17A1263877 |r 2026-02-21 21:48:52 |t č. 1-4 |w 2026-02-21 |y PREZ | ||
| 952 | |0 0 |1 0 |4 0 |7 0 |8 0 |a SNK |b SNK |d 2017-08-21 |f 1 |i snk2017/18585 |l 0 |o snkČSB 6491/11/2007 |p 17A1263878 |r 2026-02-21 21:48:59 |t č. 1-4 |w 2026-02-21 |y PREZ | ||
| 952 | |0 0 |1 0 |4 0 |7 0 |8 0 |a SNK |b SNK |d 2017-08-21 |f 1 |i snk2017/18585 |l 0 |o snkČSB 6491/12/2008 |p 17A1263879 |r 2026-02-21 21:48:59 |t č. 1-4 |w 2026-02-21 |y PREZ | ||
| 952 | |0 0 |1 0 |4 0 |7 0 |8 0 |a SNK |b SNK |d 2017-08-21 |f 1 |i snk2017/18585 |l 0 |o snkČSB 6491/13/2009 |p 17A1263880 |r 2026-02-21 21:48:59 |t č. 1-4 |w 2026-02-21 |y PREZ | ||
| 952 | |0 0 |1 0 |4 0 |7 0 |8 0 |a SNK |b SNK |d 2017-08-21 |f 1 |i snk2017/18585 |l 0 |o snkČSB 6491/14/2010 |p 17A1263881 |r 2026-02-21 21:48:59 |t č. 1-4 |w 2026-02-21 |y PREZ | ||
| 952 | |0 0 |1 0 |4 0 |7 0 |8 0 |a SNK |b SNK |d 2017-08-21 |f 1 |i snk2017/18585 |l 0 |o snkČSB 6491/15/2011 |p 17A1263882 |r 2026-02-21 21:48:59 |t č. 1-4 |w 2026-02-21 |y PREZ | ||
| 952 | |0 0 |1 0 |4 0 |7 0 |8 0 |a SNK |b SNK |d 2017-08-21 |f 1 |i snk2017/18605 |l 0 |o snkČSB 6491/16/2012 |p 17A1263883 |r 2026-02-21 21:48:59 |t č. 1-4 |w 2026-02-21 |y PREZ | ||
| 952 | |0 0 |1 0 |4 0 |7 0 |8 0 |a SNK |b SNK |d 2017-08-21 |f 1 |i snk2017/18605 |l 0 |o snkČSB 6491/17/2013 |p 17A1263884 |r 2026-02-21 21:48:59 |t č. 1-4 |w 2026-02-21 |y PREZ | ||
| 952 | |0 0 |1 0 |4 0 |7 0 |8 0 |a SNK |b SNK |d 2017-08-21 |f 1 |i snk2017/18605 |l 0 |o snkČSB 6491/18/2014 |p 17A1263885 |r 2026-02-21 21:48:59 |t č. 1-4 |w 2026-02-21 |y PREZ | ||
| 952 | |0 0 |1 0 |4 0 |7 0 |8 0 |a SNK |b SNK |d 2017-08-21 |f 1 |i snk2017/18605 |l 0 |o snkČSB 6491/19/2015 |p 17A1263886 |r 2026-02-21 21:49:00 |t č. 1-4 |w 2026-02-21 |y PREZ | ||
| 952 | |0 0 |1 0 |4 0 |7 0 |8 0 |a SNK |b SNK |d 2017-08-21 |f 1 |i snk2017/18605 |l 0 |o snkČSB 6491/20/2016 |p 17A1263887 |r 2026-02-21 21:49:00 |t č. 1-4 |w 2026-02-21 |y PREZ | ||


